| 000 -CABECERA |
| fixed length control field |
00895nam a22002297a 4500 |
| 003 - IDENTIFICADOR DEL NÚMERO DE CONTROL |
| control field |
AR-CdUCM |
| 008 - DATOS DE LONGITUD FIJA--INFORMACIÓN GENERAL |
| fixed length control field |
190606b ||||| |||| 00| 0 spa d |
| 040 ## - FUENTE DE LA CATALOGACIÓN |
| Agencia/entidad que catalogó originalmente la obra |
MUNICIPALIDAD PROVINCIAL DEL CUSCO |
| Entidad que transcribió la catalogación |
BIBLIOTECA MUNICIPAL DEL CUSCO |
| 082 ## - NÚMERO DE LA CLASIFICACIÓN DECIMAL DEWEY |
| No. de Clasificación |
338 / |
| Notacion interna |
G78 |
| 100 ## - ENTRADA PRINCIPAL--NOMBRE DE PERSONA |
| Nombre Personal |
Graña, Alberto |
| 245 ## - MENCIÓN DE TÍTULO |
| Título |
Pan y fideos : |
| Resto del título |
Tansnacionales y consumismo popular / |
| 260 ## - PUBLICACIÓN, DISTRIBUCIÓN, ETC. |
| Lugar de publicación, distribución, etc. |
Lima : |
| Nombre de la editorial, distribuidor, etc. |
CEDAL, |
| Fecha de publicación, distribución, etc. |
1981. |
| 300 ## - DESCRIPCIÓN FÍSICA |
| Nº de Páginas Extensión |
52 páginas; |
| Otros detalles físicos |
Ilustraciones, |
| Dimensiones |
20 cm. |
| 440 ## - MENCIÓN DE SERIE/PUNTO DE ACCESO ADICIONAL--TÍTULO |
| Título |
Alimentación popular -- |
| Número de la parte/sección de una obra |
2 |
| 9 (RLIN) |
43528 |
| 505 ## - NOTA DE CONTENIDO CON FORMATO |
| Nota de contenido formateada |
Contenido: Importancia del trigo en la alimentación popular -- Alza de precios y otros problemas frente al consumo de pan y fideos -- El precio internacional del trigo y su manipulación imperialista... |
| 650 ## - PUNTO DE ACCESO ADICIONAL DE MATERIA--TÉRMINO DE MATERIA |
| Descriptor |
Gobierno |
| 9 (RLIN) |
3169 |
| 650 ## - PUNTO DE ACCESO ADICIONAL DE MATERIA--TÉRMINO DE MATERIA |
| Descriptor |
Estado |
| 9 (RLIN) |
738 |
| 650 ## - PUNTO DE ACCESO ADICIONAL DE MATERIA--TÉRMINO DE MATERIA |
| Descriptor |
Imperialista |
| 9 (RLIN) |
2678 |
| 650 ## - PUNTO DE ACCESO ADICIONAL DE MATERIA--TÉRMINO DE MATERIA |
| Descriptor |
Capitalismo |
| 9 (RLIN) |
3221 |
| 942 ## - ELEMENTOS DE PUNTO DE ACCESO ADICIONAL (KOHA) |
| Fuente de clasificación |
|
| Tipo de item |
Libros-BMC |
| 945 ## - PROCESAMIENTO DE INFORMACIÓN LOCAL (OCLC) |
| Catalogador |
Javier |